LIBRARY & INFORMATION CENTRE, KCAET, TAVANUR

ONLINE PUBLIC ACCESS CATALOGUE (OPAC)

Introduction to ground water tracer / (Record no. 10752)

MARC details
000 -LEADER
fixed length control field 00511cam a2200193ua 4500
020 ## - INTERNATIONAL STANDARD BOOK NUMBER
ISBN 81-85046-92-1
041 ## - LANGUAGE CODE
Language code of text/sound track or separate title eng
082 ## - DEWEY DECIMAL CLASSIFICATION NUMBER
Classification number 551.49
Item number DAV/IN
100 ## - MAIN ENTRY--AUTHOR NAME
Personal name Davis, Stanley N .
245 ## - TITLE STATEMENT
Title Introduction to ground water tracer /
260 ## - PUBLICATION, DISTRIBUTION, ETC. (IMPRINT)
Place of publication Jodhpur :
Name of publisher Scientific Publishers ,
Year of publication 1990.
300 ## - PHYSICAL DESCRIPTION
Number of Pages 214 ; .
942 ## - ADDED ENTRY ELEMENTS (KOHA)
Koha item type Books
Holdings
Withdrawn status Lost status Damaged status Home library Current library Date acquired Full call number Accession Number Koha item type
      KAUAET KAUAET 07/04/2012 551.49 16896 Books
      KAUAET KAUAET 07/04/2012 551.49 19791 Books
Withdrawn     KAUAET KAUAET 07/04/2012 551.49 19765 Books
free website counter